000 01012nam a2200289 i 4500
003 EG-GICUC
005 20260305210107.0
008 260305s1997 ua a|||f |||| 00| 0 ara d
040 _a EG-GICUC
_bara
_c EG-GICUC
_d EG-GICUC
_erda
041 0 _aara
082 0 4 _221
_a341.85
_bع ل . ت
092 0 4 _221
_a341.85
099 _aLaw1 11 341.85 ع ل . ت 1997
100 0 _aعلى إبراهيم
_eمؤلف.
245 _aالتجارة الدولية و جدلية التقدم و التخلف /
_cعلى إبراهيم
264 _aالقاهرة :
_bدار النهضة العربية،
_c1997
300 _a226 صفحة
_c24 سم
336 _2rda content
_atext
337 _2rda media
_aComputer
338 _2rda carrier
_aOnline Resource
500 _aيشتمل على إرجاعات ببليوجرافية
650 1 _aالتجارة الدولية
_2qrmak
651 1 _2qrmak
856 4 0 _uhttps://fll.law.cu.edu.eg/fulltext/bks/B11-05330.pdf
905 _a15
942 _2ddc
_cBK
_e21
_n0
999 _c65085
_d65085